Cropped NFL Team Logos #4 - Statistics

General Stats
  • This quiz has been taken 36 times
  • The average score is 7 of 8
Answer Stats
Picture Answer % Correct
Pittsburgh Steelers
96%
Kansas City Chiefs
93%
Los Angeles Chargers
93%
New York Jets
93%
San Francisco 49ers
93%
Indianapolis Colts
89%
Cleveland Browns
85%
Washington Commanders
85%
No matching quizzes found
Score Distribution
Percent of People with Each Score
Percentile by Number Answered
Your Score History
You have not taken this quiz